IFM Opac

Commercial knowledge and communication (Record no. 18024)

MARC details
000 -LEADER
fixed length control field 00247nam a22001097a 4500
082 ## - DEWEY DECIMAL CLASSIFICATION NUMBER
Classification number 380
100 ## - MAIN ENTRY--PERSONAL NAME
Personal name Saleemi N.A
245 ## - TITLE STATEMENT
Title Commercial knowledge and communication
260 ## - PUBLICATION, DISTRIBUTION, ETC.
Place of publication, distribution, etc. Nairobi,kenya
Name of publisher, distributor, etc. N.A saleemi
Date of publication, distribution, etc. 1991
300 ## - PHYSICAL DESCRIPTION
Extent 270p
942 ## - ADDED ENTRY ELEMENTS (KOHA)
Koha item type Books
Holdings
Withdrawn status Lost status Damaged status Not for loan Collection code Home library Current library Shelving location Date acquired Total Checkouts Full call number Barcode Date last seen Price effective from Koha item type
        Non-fiction IFM Simiyu Campus Library IFM Simiyu Campus Library Simiyu Campus 08/10/2017   380 0000002964 08/10/2017 02/19/2022 Books